header

Improving anti-drug budgeting (Record no. 20200)

MARC details
000 -LEADER
fixed length control field 01314nam a22003254a 4500
082 04 - DEWEY DECIMAL CLASSIFICATION NUMBER
Classification number 353.3/7
245 00 - TITLE STATEMENT
Title Improving anti-drug budgeting
260 ## - PUBLICATION, DISTRIBUTION, ETC. (IMPRINT)
Place of publication Santa Monica, CA :
Name of publisher Rand,
Year of publication 2000.
300 ## - PHYSICAL DESCRIPTION
Number of Pages xxii, 119 p.
500 ## - GENERAL NOTE
General note "MR-1262-ONDCP/NSF."
650 #0 - SUBJECT ADDED ENTRY--TOPICAL TERM
Topical Term Drug control
Topical Term Drug abuse
700 1# - ADDED ENTRY--PERSONAL NAME
Personal name Murphy, Patrick.
856 40 - ELECTRONIC LOCATION AND ACCESS
Uniform Resource Identifier http://site.ebrary.com/lib/rucke/Doc?id=10002105

No items available.

© 2026 Rongo University
Contact us: librarian | system librarian | Rongo university